Glorious things to do (Record no. 195810)

MARC details
000 -LEADER
fixed length control field 00688nam a2200217Ia 4500
008 - FIXED-LENGTH DATA ELEMENTS--GENERAL INFORMATION
fixed length control field 191130s2008##################000#0#eng##
020 ## - INTERNATIONAL STANDARD BOOK NUMBER
ISBN 9780670917686
082 ## - DEWEY DECIMAL CLASSIFICATION NUMBER
Classification number 790.194 DAV
100 ## - MAIN ENTRY--AUTHOR NAME
Personal name Davidson, Rosemary
245 ## - TITLE STATEMENT
Title Glorious things to do
Statement of responsibility, etc Rosemary Davidson ; illustrations by Natacha Ledwidge
260 ## - PUBLICATION, DISTRIBUTION, ETC. (IMPRINT)
Place of publication London
Name of publisher Viking
Year of publication 2008
300 ## - PHYSICAL DESCRIPTION
Number of Pages 174 p. : ill. ; 19 cm
650 ## - SUBJECT ADDED ENTRY--TOPICAL TERM
Topical Term Girls -- Life skills guides
Topical Term Girls -- Social life and customs -- Miscellanea
Topical Term Life skills -- Handbooks, manuals, etc
700 ## - ADDED ENTRY--PERSONAL NAME
Personal name Ledwidge, Natacha
991 ## -
-- 374655
Holdings
Withdrawn status Lost status Damaged status Not for loan Home library Current library Shelving location Date acquired Full call number Accession Number Price effective from Koha item type
        Anna Centenary Library Anna Centenary Library 6TH FLOOR, B WING 13.10.2020 790.194 DAV 391164 13.10.2020 English Books

Find us on the map